Tercera edad: actividades físicas y recreación
Gorde:
| Egile Nagusiak: | , , |
|---|---|
| Formatua: | Liburua |
| Hizkuntza: | gaztelania |
| Argitaratua: |
Madrid
Gymnos
1990
|
| Gaiak: | |
| Etiketak: |
Etiketa erantsi
Etiketarik gabe, Izan zaitez lehena erregistro honi etiketa jartzen!
|
MARC
| LEADER | 00000nam a2200000 a 4500 | ||
|---|---|---|---|
| 001 | UCW7559 | ||
| 003 | CL-VaPUC | ||
| 008 | 930416e19900000SP |||||||||||||||||spa|d | ||
| 082 | 0 | 4 | |a 790.192 |b COU |2 21 |
| 100 | 0 | |a Coutier, Denise |e author |9 312728 | |
| 700 | 0 | |a Camus, Yves |e author |9 312729 | |
| 700 | 0 | |a Sarkar, Ajit |e author |9 312730 | |
| 245 | 1 | 0 | |a Tercera edad: actividades físicas y recreación |
| 300 | |a 282 p | ||
| 942 | |c BK | ||
| 945 | |d 19930416 00:00:00 |a rbrito | ||
| 260 | |a Madrid |b Gymnos |c 1990 | ||
| 650 | 0 | |a Tercera edad |9 307285 | |
| 650 | 0 | |a Educación física |9 240893 | |
| 650 | 0 | |a Ancianos |9 307293 | |
| 583 | |a last modification |c 20170913 12:11:02 |k Rodrigo Vera | ||
| 999 | |c 220274 |d 220272 | ||
| 952 | |0 0 |1 0 |4 0 |6 790_192000000000000_COU_1990 |7 0 |8 A |9 212261 |a BIBEDU |b BIBEDU |d 2019-11-15 |i 2805154 |o 790.192 COU 1990 |p 2805154 |r 2019-11-15 |w 2019-11-15 |y BK |k EDU | ||
| 952 | |0 0 |1 0 |4 0 |6 790_192000000000000_COU_1990 |7 0 |8 A |9 212262 |a BIBEDU |b BIBEDU |d 2019-11-15 |i 3042308 |o 790.192 COU 1990 |p 3042308 |r 2019-11-15 |w 2019-11-15 |y BK |k EFI | ||
| 952 | |0 0 |1 0 |4 0 |6 790_192000000000000_COU_1990 |7 0 |8 A |9 212263 |a BIBEDU |b BIBEDU |d 2019-11-15 |i 3561593 |o 790.192 COU 1990 |p 3561593 |r 2019-11-15 |w 2019-11-15 |y BK |k EFI | ||